000 00508nam a2200181Ia 4500
003 GCL
008 140319s9999 xx 000 0 eng d
040 _aGCL /
_cGCL
082 0 4 _aCC
_b299.31
_bH D
100 1 _aHART, GEORGE
245 1 0 _aA DICTIONARY OF EGYPTIAN GODS AND GODDESSES GEORGE HART /
_cHART, GEORGE
260 _a[S.N] :
_bROUTLEDGE ،
_c1986
300 _a229 P P
650 0 4 _aMYTHOLOGY - EGYPT
650 0 4 _aENCYCLOPEDIAS AND DICTIONARIES
650 0 4 _aGODS, EGYPTIAN
942 _2ddc
_cBK
999 _c17712
_d17712